书目信息 |
| 题名: |
普通话水平测试纲要
|
|
| 作者: | 孙如达 主编 | |
| 分册: | ||
| 出版信息: | 河北 唐山市语言文字工作委员会 1997 |
|
| 页数: | 110页 | |
| 开本: | 26cm | |
| 丛书名: | ||
| 单 册: | ||
| 中图分类: | H102 | |
| 科图分类: | 41.2011 | |
| 主题词: | 普通话-考试大纲 , 考试大纲-普通话 | |
| 电子资源: | ||
| ISBN: | ||
| 000 | 00600nam0 2200217 45 | |
| 001 | 0195022095 | |
| 005 | 20070607091818.10 | |
| 100 | @a19950513d1997 y0chiy0121 ea | |
| 101 | 0 | @achi |
| 102 | @aCN | |
| 105 | @ay z 000yy | |
| 200 | 10 | @a普通话水平测试纲要@Apu tong hua shui ping ce shi gang yao@f孙如达主编@Fsun ru da zhu bian |
| 210 | @a河北@c唐山市语言文字工作委员会@d1997 | |
| 215 | @a110页@d26cm | |
| 606 | @a普通话-考试大纲 | |
| 606 | @a考试大纲-普通话 | |
| 690 | @aH102 | |
| 692 | @a41.2011 | |
| 701 | 0 | @a孙如达@Asun ru da@4主编 |
| 801 | 0 | @aCN@bTSSF@c20070607 |
| 905 | @a10447@dH102@e129 | |
| 普通话水平测试纲要/孙如达主编.-河北:唐山市语言文字工作委员会,1997 |
| 110页;26cm |
| ISBN : |
| ● |
| 相关链接 |
|
|
|
|
正题名:普通话水平测试纲要
索取号:H102/129
 
预约/预借
| 序号 | 登录号 | 条形码 | 馆藏地/架位号 | 状态 | 备注 |
| 1 | 0514623 | 205146233 | 第二样本阅览室/ [索取号:H102/129] | 在馆 | |
| 2 | 0514624 | 205146242 | 密集书库/ [索取号:H102/129] | 在馆 | |
| 3 | 0514625 | 205146251 | 密集书库/ [索取号:H102/129] | 在馆 | |
| 4 | 0514626 | 205146260 | 密集书库/ [索取号:H102/129] | 在馆 | |
| 5 | 0514627 | 205146279 | 密集书库/ [索取号:H102/129] | 在馆 | |
| 6 | 0514628 | 205146288 | 密集书库/ [索取号:H102/129] | 在馆 | |
| 7 | 0514629 | 205146297 | 密集书库/ [索取号:H102/129] | 在馆 | |
| 8 | 0514630 | 205146304 | 密集书库/ [索取号:H102/129] | 在馆 | |
| 9 | 0514631 | 205146313 | 密集书库/ [索取号:H102/129] | 在馆 | |
| 10 | 0514632 | 205146322 | 密集书库/ [索取号:H102/129] | 在馆 | |
| 11 | 0514633 | 205146331 | 密集书库/ [索取号:H102/129] | 在馆 | |
| 12 | 0514634 | 205146340 | 密集书库/ [索取号:H102/129] | 在馆 | |
| 13 | 0514635 | 205146359 | 第四借阅区/ [索取号:H102/129] | 在馆 | |
| 14 | 0514636 | 205146368 | 密集书库/ [索取号:H102/129] | 在馆 | |
| 15 | 0514637 | 205146377 | 密集书库/ [索取号:H102/129] | 在馆 | |
| 16 | 0514638 | 205146386 | 密集书库/ [索取号:H102/129] | 在馆 | |
| 17 | 0514639 | 205146395 | 密集书库/ [索取号:H102/129] | 在馆 | |
| 18 | 0514640 | 205146402 | 密集书库/ [索取号:H102/129] | 在馆 | |
| 19 | 0514641 | 205146411 | 密集书库/ [索取号:H102/129] | 在馆 | |
| 20 | 0514642 | 205146420 | 密集书库/ [索取号:H102/129] | 在馆 |